Surveying-III: higher surveying (Record no. 35180)

MARC details
000 -LEADER
fixed length control field 00524nam a2200193Ia 4500
020 ## - INTERNATIONAL STANDARD BOOK NUMBER
ISBN 9788170088257
050 ## - CALL MARK
Classification number TA 549 .P86/
100 ## - STATEMENT OF RESPONSIBILITY--MAIN AUTHOR NAME
Personal name Punmia, B. C... [et al.].
245 #0 - TITLE STATEMENT
Title Surveying-III: higher surveying
250 ## - EDITION / VOLUME STATEMENT
Edition / Volume statement 15th ed.
260 ## - PUBLICATION, DISTRIBUTION, ETC. (IMPRINT)
Place of publication New Delhi
260 ## - PUBLICATION, DISTRIBUTION, ETC. (IMPRINT)
Name of publisher Lamix publications (p) Ltd.
260 ## - PUBLICATION, DISTRIBUTION, ETC. (IMPRINT)
Year of publication 2013
300 ## - PHYSICAL DESCRIPTION
Number of Pages 274 p
650 ## - SUBJECT ADDED ENTRY--TOPICAL TERM
Topical Term Historic buildings. Architectural surveys. Building inspection.
942 ## - ADDED ENTRY ELEMENTS (KOHA)
Koha item type Books
Holdings
Withdrawn status Lost status Source of classification or shelving scheme Damaged status Not for loan Permanent Location Current Location Shelving location Date acquired Accession Number Price effective from Koha item type
    Library of Congress Classification     NILE UNIVERSITY OF NIGERIA - MAIN LIBRARY NILE UNIVERSITY OF NIGERIA - MAIN LIBRARY Items on shelf 04/23/2025 0193095 04/23/2025 Books